000 00903nam a2200205 a 4500
008 150817s1992 ||||||||||||||||| || u
020 _a9780133449952
050 _aQP 34.5 Mar
100 _aMartini, Frederic
245 1 0 _aFundamentals of anatomy and physiology.(2nd ed.)
_cby Frederic Martini
250 _a2nd ed.
260 _aEnglewood Cliffs
_bPrentice Hall
_c1992
300 _aix, 701p. :ill.
350 _a1.52
650 _aHUMAN PHYSIOLOGY--TEXTBOOK
650 _aHUMAN ANATOMY--TEXTBOOKS
650 0 _aBIOLOGY
995 _aMEDICAL LIBRARY OPEN ACCESS
_e903047
_FCBU-SCHOOL OF MEDICINE LIBRARY (Ndola)
_I1.52
_jQP 34.5 Mar
_M1
_UAVAILABLE
_WSep 7, 2015
_y903047
_ZMedical Library Open Access Collection
995 _aMICHAEL CHILUFYA SATA OPEN ACCESS
_e903048
_FCBU-SCHOOL OF MEDICINE LIBRARY (Ndola)
_I1.52
_jQP 34.5 Mar
_M2
_UAVAILABLE
_WSep 7, 2015
_y903048
_ZMedical Library Open Access Collection
999 _c63884
_d63884